00837nam a22002177a 4500003000900000008004100009020001800050040007100068082002300139100002300162245003800185260004100223300002600264505020600290650001300496650001400509650001600523650001800539650001800557700004400575AR-CdUCM190312b ||||| |||| 00| 0 spa d a84-206-1155-5 aMUNICIPALIDAD PROVINCIAL DEL CUSCOcBIBLIOTECA MUNICIPAL DEL CUSCO 22ed.a191.7 /bJ89 aJung, Carl Gustav  aLos Complejos y el Inconsciente / aMadrid :bAlianza Editorial ;c1974. a451 páginas ;c19cm aContenido: Facetas del alma contemporánea -- Reconquista de la conciencia -- Funciones y estructuras del consciente y del inconsciente -- Teoría de los complejos -- Los complejos -- Los sueños... aSueños aComplejos aConsciente  aInconsciente  aEnseñanzas  aLópez Pacheco, Jesús (traducción)